Macro perspectives of tourism and hospitality / (Record no. 362969)
[ view plain ]
| 000 -LEADER | |
|---|---|
| fixed length control field | 00536nam a2200145Ia 4500 |
| 008 - FIXED-LENGTH DATA ELEMENTS--GENERAL INFORMATION | |
| fixed length control field | 200226s9999 xx 000 0 und d |
| 020 ## - INTERNATIONAL STANDARD BOOK NUMBER | |
| International Standard Book Number | 978-621-409-152-2 |
| 100 ## - MAIN ENTRY--PERSONAL NAME | |
| Personal name | Disimulacion, Maria Arlene T. |
| 245 ## - TITLE STATEMENT | |
| Statement of responsibility, etc | Maria Arlene Tuazon-Disimulacion.-- |
| Title | Macro perspectives of tourism and hospitality / |
| 260 ## - PUBLICATION, DISTRIBUTION, ETC. (IMPRINT) | |
| Place of publication, distribution, etc | Mandaluyong City : |
| Name of publisher, distributor, etc | Books Atbp. Publishing Corp. |
| Date of publication, distribution, etc | 2019 |
| 300 ## - PHYSICAL DESCRIPTION | |
| Extent | xii , 274 pages : |
| Other physical details | illustration ; |
| Dimensions | 25 cm. |
| 500 ## - GENERAL NOTE | |
| General note | Includes bibliographical references. |
| 650 ## - SUBJECT ADDED ENTRY--TOPICAL TERM | |
| Topical term or geographic name as entry element | Hospitality industry. |
| 650 ## - SUBJECT ADDED ENTRY--TOPICAL TERM | |
| Topical term or geographic name as entry element | Tourism. |
| Withdrawn status | Lost status | Damaged status | Home library | Current library | Shelving location | Date acquired | Source of acquisition | Total Checkouts | Full call number | Barcode | Date last seen | Price effective from | Koha item type |
|---|---|---|---|---|---|---|---|---|---|---|---|---|---|
| College Library | College Library | Filipiniana Section | 02/26/2020 | Library Fund | G 155.A1 .D611 2019 | C22068 | 06/19/2020 | 02/26/2020 | Books |